| 000 | 00761nam a2200229 i 4500 | ||
|---|---|---|---|
| 001 | 108036 | ||
| 003 | ES-MaACL | ||
| 005 | 20250817211817.0 | ||
| 007 | t| | ||
| 008 | 070111s1955 sp ||||1| cat d | ||
| 080 | _a849-14"18" | ||
| 100 | 1 |
_aMistral, Frédéric, _d1830-1914 _981664 |
|
| 245 | 1 | 4 |
_aLes Illes d'or / _cFréderic Mistral; traducció de Maria Antónia Salva. |
| 250 | _a2ªed. | ||
| 260 |
_aBarcelona : _bEditorial Selecta, _c1955. |
||
| 300 |
_a229 p., 3 h., 1 f. de lám. : _bil. retr. ; _c14 cm. |
||
| 490 | 1 |
_aBiblioteca selecta universal ; _v18 |
|
| 700 | 1 |
_aSalvà, Maria Antònia, _d1869-1958 _9132358 |
|
| 830 | 0 |
_aBiblioteca selecta universal ; _v18 _9185512 |
|
| 852 |
_aES-MaACL _jE-3890 |
||
| 999 |
_c108036 _d108036 |
||